| Tag |
First Indicator |
Second Indicator |
Subfields |
| LEADER |
00000cam a2200000 4500 |
| 001 |
in00001102621 |
| 005 |
20150930060933.0 |
| 008 |
720216s1971 nyua bs 000 0 eng |
| 010 |
|
|
|a 75031646
|
| 035 |
|
|
|a (OCoLC)00257982
|
| 035 |
|
|
|9 AFU7283AM
|
| 040 |
|
|
|a DLC
|c DLC
|d m.c.
|d TXA
|d UtOrBLW
|
| 043 |
|
|
|a n-us-ny
|
| 049 |
|
|
|a TXAM
|
| 050 |
0 |
0 |
|a AS36
|b .R28 no. 4645
|a HD7304.N5
|
| 082 |
0 |
0 |
|a 081 s
|a 363.5
|
| 090 |
|
|
|a AS36
|b .R28 P-4645
|
| 100 |
1 |
|
|a Lowry, Ira S.
|
| 245 |
1 |
0 |
|a Housing assistance for low-income urban families :
|b a fresh approach /
|c Ira S. Lowry.
|
| 264 |
|
1 |
|a [New York] :
|b [New York City-Rand Institute],
|c [1971]
|
| 300 |
|
|
|a 57 pages :
|b illustrations ;
|c 28 cm.
|
| 336 |
|
|
|a text
|b txt
|2 rdacontent
|
| 337 |
|
|
|a unmediated
|b n
|2 rdamedia
|
| 338 |
|
|
|a volume
|b nc
|2 rdacarrier
|
| 500 |
|
|
|a Cover title.
|
| 500 |
|
|
|a "P-4645."--Cover.
|
| 500 |
|
|
|a "May 1971."--Cover.
|
| 500 |
|
|
|a "This paper was prepared at the request of the Subcommittee on Housing, Committee on Banking and Currency, U.S. House of Representatives, Ninety-Second Congress."--P. [i]
|
| 504 |
|
|
|a Includes bibliographical references.
|
| 650 |
|
0 |
|a Housing
|z New York (State)
|z New York.
|
| 650 |
|
0 |
|a Public housing
|z New York (State)
|z New York.
|
| 650 |
|
0 |
|a Low-income housing
|z New York (State)
|z New York.
|
| 710 |
1 |
|
|a United States.
|b Congress.
|b House.
|b Committee on Banking and Currency.
|b Subcommittee on Housing.
|
| 710 |
2 |
|
|a Rand Corporation.
|
| 999 |
|
|
|a MARS
|
| 999 |
f |
f |
|s d0759df4-d75f-3c16-8cc3-7a5e80196cab
|i 230f8dcd-ee99-37f2-a444-4b932bd1278b
|t 0
|
| 952 |
f |
f |
|p ric
|a Texas A&M University
|b Rellis Campus
|c Joint Library Facility
|d Remote Storage
|t 0
|e AS36 .R28 P-4645
|h Library of Congress classification
|i unmediated -- volume
|m A14816892682
|
| 998 |
f |
f |
|a AS36 .R28 P-4645
|t 0
|l Remote Storage
|